000 00467nam a22001457a 4500
003 OSt
005 20220216152035.0
008 220216b |||||||| |||| 00| 0 eng d
020 _a
040 _cH U
082 _a629.8312
100 _aGuta Dr. Sushil Dass
_930714
245 _aControl System Theory
942 _2ddc
_cBOOKS
_n0
999 _c30630
_d30630